000 00539nam a2200217Ia 4500
003 OSt
005 20220918191542.0
006 a|||||r|||| 00| 0
007 ta
008 220917b |||||||| |||| 00| 0 eng d
024 _a64,041
037 _cTextual
040 _aARTS
_cARTS
_beng
041 _2eng
_aeng
082 _aRz7, K9.2
245 0 _aRoyal institute of philosophy lectures
260 _aLondon
_bMacmillan
_c1969
650 _aPHILOSOPHY
942 _hRz7, K9.2
_cTEXL
_2CC
999 _c190517
_d190517